000 00754nam a22002297a 4500
999 _c12405
_d12405
003 AR-CdUCM
008 190408b ||||| |||| 00| 0 spa d
040 _aMUNICIPALIDAD PROVINCIAL DEL CUSCO
_cBIBLIOTECA MUNICIPAL DEL CUSCO
082 _a848.74 /
_bB17 /1835
100 _aBalzac, H. de
_930243
245 _aEl lirio en el valle /
260 _aBarcelona :
_bVda. de Luis Tasso,
_c1835.
300 _a314 páginas ;
_c18 cm.
500 _aAl texto le falta tapa.
505 _aContenido : A la señora condesa Natalia de Manerville -- Narrativa ...
650 _aLiteratura
_983
650 _aEspañola
_924066
650 _aUniversal
_918236
700 _aGarcía Bravo, Joaquín
_930244
942 _2ddc
_cLIBROS
945 _arah
_d08/04/2019